University Home | Library Home | Institutional Repository

Integration : (Record no. 176433)

MARC details
000 -LEADER
fixed length control field 00568cam0a220019300 4500
001 - CONTROL NUMBER
control field tmp15444398
003 - CONTROL NUMBER IDENTIFIER
control field UPRA
005 - DATE AND TIME OF LATEST TRANSACTION
control field 20190827091454.0
008 - FIXED-LENGTH DATA ELEMENTS--GENERAL INFORMATION
fixed length control field 950816s1952 tnu eng u
035 ## - SYSTEM CONTROL NUMBER
System control number (Sirsi) r108071
035 ## - SYSTEM CONTROL NUMBER
System control number (UPRA)tmp15444398
040 ## - CATALOGING SOURCE
Transcribing agency UPRA
100 1# - MAIN ENTRY--PERSONAL NAME
Personal name McCulloch, Margaret C.
Linkage A66428.1
245 10 - TITLE STATEMENT
Title Integration :
Remainder of title promise, process, problems.
260 ## - PUBLICATION, DISTRIBUTION, ETC.
Place of publication, distribution, etc. Nashville, TN :
Name of publisher, distributor, etc. American Missional Association,
Date of publication, distribution, etc. [1952]
650 #0 - SUBJECT ADDED ENTRY--TOPICAL TERM
Topical term or geographic name entry element Race relations.
Linkage S22134.1
949 ## - LOCAL PROCESSING INFORMATION (OCLC)
a HT1521
w lcc
i -154068
m MAIN
t BOOK
l ON-SHELF

No items available.

© 2026 - The University of Zambia Library - Koha v25.11